[Event "Maria Teresa Mora Memorial op"]
[Site "Havana"]
[Date "2018.??.??"]
[Round "8"]
[White "Barroso Abreu, German"]
[Black "Venero Noda, Massiel"]
[Result "1/2-1/2"]
[WhiteElo "1926"]
[BlackElo "1694"]
[PlyCount "93"]
[EventDate "2018.03.08"]
[EventType "swiss"]
[EventRounds "9"]
[EventCountry "CUB"]
[SourceTitle "EXT 2021"]
[Source "ChessBase"]
[SourceDate "2020.10.23"]
[SourceVersion "1"]
[SourceVersionDate "2020.10.23"]
[SourceQuality "1"]

1. e4 e6 2. d4 d5 3. Nd2 Nc6 4. Ngf3 Nf6 5. e5 Nd7 6. Bd3 f6 7. exf6 Qxf6 8. c3 Bd6 9. Nb3 e5 10. Bg5 Qf7 11. Bc2 0-0 12. Be3 e4 13. Ng5 Qg6 14. h4 Bf4 15. Bxf4 Rxf4 16. Qd2 Rf8 17. 0-0-0 h6 18. Nh3 Qd6 19. g4 Nb6 20. Rdg1 Nc4 21. Qe2 Rf3 22. Bxe4 dxe4 23. Qxc4+ Be6 24. Qc5 Bxb3 25. Qxd6 cxd6 26. axb3 d5 27. g5 Kh8 28. gxh6 gxh6 29. Rg6 Kh7 30. Rd6 Rd8 31. Rxd8 Nxd8 32. Rh2 Ne6 33. Ng1 Rf7 34. Ne2 Nf4 35. Nxf4 Rxf4 36. Rg2 Rxh4 37. c4 Rh3 38. Rg3 Rxg3 39. fxg3 dxc4 40. bxc4 Kg6 41. Kd2 Kf5 42. Ke3 h5 43. d5 Ke5 44. b4 b5 45. d6 Kxd6 46. Kxe4 bxc4 47. Kd4 1/2-1/2

[Event "Maria Teresa Mora Memorial op"]
[Site "Havana"]
[Date "2018.??.??"]
[Round "6"]
[White "Gutierrez Espinosa, Karen"]
[Black "Venero Noda, Massiel"]
[Result "1-0"]
[WhiteElo "2024"]
[BlackElo "1694"]
[PlyCount "83"]
[EventDate "2018.03.08"]
[EventType "swiss"]
[EventRounds "9"]
[EventCountry "CUB"]
[SourceTitle "EXT 2021"]
[Source "ChessBase"]
[SourceDate "2020.10.23"]
[SourceVersion "1"]
[SourceVersionDate "2020.10.23"]
[SourceQuality "1"]

1. e4 e6 2. d4 d5 3. Nd2 Nc6 4. c3 e5 5. dxe5 Nxe5 6. Qe2 dxe4 7. Qxe4 Qe7 8. f4 Nc6 9. Qxe7+ Bxe7 10. Ngf3 Nf6 11. Bb5 Bd7 12. Nb3 a6 13. Bc4 h6 14. 0-0 0-0 15. h3 Bd6 16. g4 Ne4 17. Re1 Nc5 18. Nxc5 Bxc5+ 19. Be3 Bxe3+ 20. Rxe3 Rfe8 21. Rae1 Rxe3 22. Rxe3 Re8 23. Kf2 Kf8 24. Rd3 Be6 25. Bxe6 Rxe6 26. Nh4 g6 27. f5 Rf6 28. Rd7 Ne5 29. Rxc7 g5 30. Nf3 Nd3+ 31. Ke3 Nxb2 32. Rxb7 Nd1+ 33. Kd2 Rd6+ 34. Kc2 Nf2 35. Ne5 f6 36. Ng6+ Kg8 37. c4 Nxh3 38. c5 Rd4 39. c6 Rc4+ 40. Kb3 Rc1 41. c7 Nf4 42. c8Q+ 1-0

[Event "Havana Gilberto Garcia Memorial Girls"]
[Site "Havana"]
[Date "2018.??.??"]
[Round "2"]
[White "Perez Marin, Olivia"]
[Black "Venero Noda, Massiel"]
[Result "1-0"]
[WhiteElo "1763"]
[BlackElo "1656"]
[PlyCount "37"]
[EventDate "2018.03.29"]
[EventType "tourn"]
[EventRounds "9"]
[EventCountry "CUB"]
[SourceTitle "EXT 2021"]
[Source "ChessBase"]
[SourceDate "2020.10.23"]
[SourceVersion "1"]
[SourceVersionDate "2020.10.23"]
[SourceQuality "1"]

1. e4 e6 2. d4 d5 3. Nc3 Bb4 4. e5 c5 5. Bd2 cxd4 6. Nb5 Bf8 7. Qg4 Nc6 8. Nf3 g6 9. Bd3 a6 10. Nbxd4 Bg7 11. Nxc6 bxc6 12. 0-0 Ne7 13. Bg5 Qc7 14. Rfe1 Nf5 15. Bxf5 exf5 16. Qh4 a5 17. Bh6 f6 18. Bxg7 Qxg7 19. exf6+ 1-0

[Event "Havana Gilberto Garcia Memorial Girls"]
[Site "Havana"]
[Date "2018.??.??"]
[Round "1"]
[White "Venero Noda, Massiel"]
[Black "De la Guardia Diaz, Susana Hilda"]
[Result "1/2-1/2"]
[WhiteElo "1656"]
[BlackElo "1969"]
[PlyCount "52"]
[EventDate "2018.03.29"]
[EventType "tourn"]
[EventRounds "9"]
[EventCountry "CUB"]
[SourceTitle "EXT 2021"]
[Source "ChessBase"]
[SourceDate "2020.10.23"]
[SourceVersion "1"]
[SourceVersionDate "2020.10.23"]
[SourceQuality "1"]

1. e4 e6 2. d3 d5 3. Nd2 Nf6 4. Ngf3 c5 5. g3 Be7 6. Bg2 Nc6 7. 0-0 0-0 8. Re1 Qc7 9. e5 Nd7 10. Qe2 b6 11. Nf1 Bb7 12. Bf4 Rfe8 13. h4 Qd8 14. N1h2 f6 15. Bh3 Nf8 16. h5 fxe5 17. Nxe5 Bg5 18. Qg4 Bxf4 19. Qxf4 Qf6 20. Qe3 Nxe5 21. Qxe5 Qxe5 22. Rxe5 d4 23. Rae1 Bd5 24. Bg2 Bxg2 25. Kxg2 Kf7 26. Nf3 h6 1/2-1/2

[Event "Maria Teresa Mora Memorial op"]
[Site "Havana"]
[Date "2018.??.??"]
[Round "5"]
[White "Venero Noda, Massiel"]
[Black "Francos Requejo, Lazaro"]
[Result "1/2-1/2"]
[WhiteElo "1694"]
[BlackElo "1934"]
[PlyCount "116"]
[EventDate "2018.03.08"]
[EventType "swiss"]
[EventRounds "9"]
[EventCountry "CUB"]
[SourceTitle "EXT 2021"]
[Source "ChessBase"]
[SourceDate "2020.10.23"]
[SourceVersion "1"]
[SourceVersionDate "2020.10.23"]
[SourceQuality "1"]

1. e4 c5 2. Nf3 Nc6 3. d4 cxd4 4. Nxd4 g6 5. Nc3 Bg7 6. Be3 Nf6 7. f4 Ng4 8. Qxg4 Nxd4 9. Qd1 Nc6 10. Qd2 Qa5 11. Nd1 Qxd2+ 12. Bxd2 Nd4 13. Bd3 e5 14. c3 Ne6 15. fxe5 Bxe5 16. 0-0 0-0 17. Bc2 d6 18. Ne3 Bd7 19. Ng4 h5 20. Nf6+ Bxf6 21. Rxf6 Kg7 22. Raf1 Bb5 23. R1f2 Rad8 24. Bb3 Bd7 25. Bd5 b5 26. c4 bxc4 27. Bc3 Kg8 28. Bxc4 Rc8 29. Bd5 Rc7 30. h4 Bc8 31. Bb4 Re8 32. Bxd6 Rd7 33. Bc6 Nd8 34. Bxd7 Bxd7 35. Bc7 Be6 36. Bxd8 Rxd8 37. b3 Kg7 38. R6f4 a5 39. e5 Rd5 40. Re2 Bg4 41. Re1 Bd7 42. Ref1 Be6 43. Re1 Bd7 44. Ref1 Be8 45. Re1 Bd7 46. Rf6 Be6 47. Rf4 Bd7 48. Rf6 Be6 49. Re4 Bd7 50. Kf2 Rd2+ 51. Re2 Rd5 52. Ke1 Bb5 53. Re3 Bd7 54. Kf2 Rd2+ 55. Re2 Rd5 56. Ke1 Bg4 57. Re3 Rd1+ 58. Kf2 Rd2+ 1/2-1/2

[Event "Maria Teresa Mora Memorial op"]
[Site "Havana"]
[Date "2018.??.??"]
[Round "7"]
[White "Venero Noda, Massiel"]
[Black "Gonzalez Diaz, Penelope"]
[Result "1-0"]
[WhiteElo "1694"]
[BlackElo "1894"]
[PlyCount "49"]
[EventDate "2018.03.08"]
[EventType "swiss"]
[EventRounds "9"]
[EventCountry "CUB"]
[SourceTitle "EXT 2021"]
[Source "ChessBase"]
[SourceDate "2020.10.23"]
[SourceVersion "1"]
[SourceVersionDate "2020.10.23"]
[SourceQuality "1"]

1. e4 c5 2. Nf3 e6 3. d4 cxd4 4. Nxd4 a6 5. Nc3 Qc7 6. Be3 Nf6 7. a3 Be7 8. g3 0-0 9. Bg2 d6 10. f4 Nbd7 11. Nb3 Rb8 12. 0-0 b5 13. g4 Nc5 14. g5 Nfd7 15. Qh5 Bb7 16. Rf3 Rfe8 17. Rh3 Nf8 18. Nd4 Rbc8 19. Rf1 Qd7 20. f5 exf5 21. exf5 Bxg2 22. Kxg2 Qb7+ 23. Kg1 f6 24. g6 Bd8 25. gxh7+ 1-0